Normal view
MARC view
- Temkin, Samuel
Entry Personal Name
001 - CONTROL NUMBER
- control field: 103895
003 - CONTROL NUMBER IDENTIFIER
- control field: NUST
005 - DATE AND TIME OF LATEST TRANSACTION
- control field: 20221201121824.0
008 - FIXED-LENGTH DATA ELEMENTS
- fixed length control field: 221201|| aca||aabn | a|a d
040 ## - CATALOGING SOURCE
- Original cataloging agency: NUST
- Transcribing agency: NUST
100 ## - HEADING--PERSONAL NAME
- Personal name: Temkin, Samuel
670 ## - SOURCE DATA FOUND
- Source citation: Work cat.: (NUST)184064: Temkin, Samuel,, Elements of acoustics / , c1981.
